00229nam a2200097Ia 4500008004100000041000800041082001200049100001200061245002900073260002900102231212s1965 xx 000 0 und d aeng a621.381 aMillman aPulse, Digital Switching aNew DelhibD.B.Tarc1965